| 000 | 00574nam a22002057a 4500 | ||
|---|---|---|---|
| 999 |
_c8890 _d8890 |
||
| 003 | AR-CdUCM | ||
| 008 | 190326b ||||| |||| 00| 0 spa d | ||
| 040 |
_aMUNICIPALIDAD PROVINCIAL DEL CUSCO _cBIBLIOTECA MUNICIPAL DEL CUSCO |
||
| 082 |
_a869.56 / _bSI55 |
||
| 100 |
_aSilva Oscar _911482 |
||
| 245 |
_aLúe : _by otros cuentos / |
||
| 260 |
_aArequipa : _bSil-Ver, |
||
| 300 |
_a111 páginas ; _c18 cm. |
||
| 505 | _aContenido: Cuentos. | ||
| 650 |
_aCuentos peruanos _97 |
||
| 650 |
_aSiglo XX _98 |
||
| 650 |
_aLiteratura _983 |
||
| 942 |
_2ddc _cLIBROS |
||
| 945 | _aachl | ||